[Event "Charlotte Spring-E 2022"]
[Site "Charlotte"]
[Date "2022.03.20"]
[Round "8.1"]
[White "Chiku-Ratte, Olivier-Kenta"]
[Black "Zaloznyy, Mike"]
[Result "1-0"]
[WhiteElo "2382"]
[BlackElo "2065"]
[Annotator "TA"]
[PlyCount "123"]
[EventDate "2022.03.16"]
[EventType "tourn"]
[EventCountry "USA"]
[SourceTitle "playchess.com"]
[Source "ChessBase"]
[SourceQuality "1"]

{[%evp 17,123,-12,-13,-29,-26,-18,-26,-57,-50,-62,-55,-54,-60,-50,-49,-95,-32,-43,-37,-128,-85,-85,-81,-100,-89,-97,-36,-211,-220,-197,-146,-163,-156,-154,-106,-116,-116,-100,-93,-200,-36,-27,0,0,0,0,0,0,0,0,0,0,0,-61,0,0,0,0,77,70,78,62,62,62,62,62,62,62,143,144,144,147,152,97,143,85,104,64,79,62,62,62,62,62,62,62,63,62,599,599,4516,950,754,697,4770,4134,29963,29971,29979,29980,29982,29978,29977,29971,29962,6617,6617,5121]} 1. d4 Nf6 2. c4 b6 3. Nf3 Bb7 4. g3 e6 5. Bg2 Be7 6. O-O O-O 7. Nc3 Ne4 8. Qc2 {8.Bd2 gains popularity.} Nxc3 9. bxc3 Nc6 10. Ne5 {is the legacy move (10.Nd2). E19: Queen's Indian: Old Main Line with 7...Ne4 8 Qc2 Nxc3 8 Qxc3.} Na5 $1 11. Bxb7 Nxb7 12. Qa4 {Black has an edge.} d6 {[%cal Bd7d6,Bd6c5][%mdl 32]} 13. Nc6 Qd7 14. Nxe7+ Qxe7 {[#]} 15. c5 $146 ({Predecessor:} 15. Rd1 Qe8 16. Qa6 Qc6 17. Ba3 Na5 18. c5 d5 19. Bb4 Nc4 20. a4 Rfb8 21. a5 {½-½ (41) Cordova,E (2561)-Quesada Perez,Y (2626) Havana 2011}) 15... dxc5 16. Ba3 (16. Qa6 $15 {is more appropriate.} Nd6 17. dxc5) 16... e5 (16... Qe8 $17 17. Qxe8 Rfxe8) 17. Qa6 Rfb8 ({Resist} 17... exd4 18. Qxb7 dxc3 19. Rac1 $16) 18. Rab1 (18. Rfd1 $1 $15) 18... exd4 (18... Qe6 $142 19. dxc5 Qxa2) 19. cxd4 $17 Qe6 $1 20. dxc5 Qxa2 ({Don't play} 20... Nxc5 21. Bxc5 bxc5 22. Rxb8+ Rxb8 23. Qxa7 $14) 21. Ra1 Nxc5 22. Qb5 $2 (22. Bxc5 $15 Qxa6 23. Rxa6 bxc5 24. Rfa1) 22... Qb3 $19 23. Qc6 Qe6 (23... Qa4 $19 24. Qxc7 Nb3) 24. Qxc7 $17 Rc8 25. Qf4 Qxe2 ({Black should play} 25... a5 26. Bxc5 Rxc5) 26. Rfe1 Qh5 27. Re5 Qg6 28. Qe3 {[#]} (28. Bxc5 $17 {was called for.} bxc5 29. Rc1) 28... f6 $2 (28... Ne6 $1 $19 {And now ...Rd8 would win.} 29. f4 Qg4) 29. Re7 $15 a5 (29... Nd3 {keeps more tension.} 30. Qe6+ Kh8 31. Rxa7 Qe8 32. Qxe8+ Rxe8 33. Be7 Rxa7 34. Rxa7 Kg8) 30. Bxc5 Rxc5 31. Qb3+ Kh8 {White must now prevent ...b5.} 32. Qxb6 Rd5 33. Kg2 h5 34. Qc6 Rad8 35. Rae1 (35. Qc7 $11) 35... Kh7 ({Better is} 35... Qf5 $1 $15) 36. Ra7 $11 Rd1 37. Ree7 Rg8 (37... R1d5 $11) 38. Rxa5 $16 {Strongly threatening Qf3. Active counter play!} Qd3 {( -> ...Qf1+)} 39. Rxh5+ Kg6 {...Qf1+ is the strong threat.} 40. Qb5 f5 41. Qxd3 {Dancing on a razor blade.} Rxd3 $14 {[%mdl 4096] Endgame KRR-KRR} 42. Rh4 Rd2 ({Black should try} 42... Rdd8 $14) 43. Re6+ $16 Kf7 44. Rc6 Re8 {[#]} 45. Rf4 (45. Rh5 $142 $1) 45... g6 (45... Rd5 $142) 46. h4 (46. Ra4 $142) 46... Re6 47. Rc5 {[%cal Oh4h5]} Rde2 48. Kh3 Kg7 49. Rc8 R6e5 50. Rf3 Kh6 51. Kg2 Rb2 52. Rc6 Ree2 $2 {[%mdl 8192]} (52... Rd2 $14) 53. Rxf5 $1 $18 Kh7 54. Rf7+ (54. Rc7+ $142 Kg8 55. Rf6) 54... Kg8 55. Rcc7 {Threatens to win with Rf6.} Ra2 56. Rf6 g5 57. hxg5 Rad2 58. g6 Rd8 59. g7 Rde8 60. Rf8+ Rxf8 61. gxf8=Q+ (61. gxf8=R+ $142 Kxf8 62. g4 Rd2 63. g5 Rd5 64. f4 Rd3 65. Rc5 Kf7 66. f5) 61... Kxf8 62. Kf3 {What a fight!  Weighted Error Value: White=0.23 (precise) /Black=0.51} 1-0

[Event "Charlotte Spring-E 2022"]
[Site "Charlotte"]
[Date "2022.03.20"]
[Round "8.2"]
[White "Woodward, Andy"]
[Black "Chen, Ryo"]
[Result "1-0"]
[WhiteElo "2317"]
[BlackElo "2303"]
[Annotator "TA"]
[PlyCount "65"]
[EventDate "2022.03.16"]
[EventType "tourn"]
[EventCountry "USA"]
[SourceTitle "playchess.com"]
[Source "ChessBase"]
[SourceQuality "1"]

{[%evp 20,65,14,0,10,0,0,11,36,20,29,39,97,41,37,38,50,53,85,88,87,86,86,82,88,82,79,82,94,83,83,93,159,159,882,860,12829,6950,6704,1724,5827,5816,12837,12837,12792,6022,29982,29983]} 1. d4 Nf6 2. c4 g6 3. g3 Bg7 4. Bg2 O-O 5. Nc3 d6 6. Nf3 c5 7. O-O Nc6 8. d5 Na5 9. Nd2 e6 10. Rb1 exd5 11. cxd5 Bd7 {E66: King's Indian: Fianchetto: 6...c5 7 0-0 Nc6 8 d5.} 12. b4 cxb4 13. Rxb4 {[#]} b5 $146 {The position is equal.} ({Predecessor:} 13... Rc8 14. Bb2 Ng4 15. Qa1 f5 16. Nb5 Bxb2 17. Qxb2 Bxb5 18. Rxb5 Ne5 19. Qd4 b6 {0-1 (63) Unuk,L (2407)-Van Foreest,L (2544) Reykjavik 2021}) 14. Bb2 ({Not} 14. Nxb5 $2 Rb8 15. a4 a6 $19) 14... Rb8 15. Qa1 Ne8 (15... Qe7 $14) 16. Rc1 ({Of course not} 16. Nce4 $6 Bxb2 17. Rxb2 (17. Qxb2 f5 $11) 17... f5 $11) (16. Rb1 $16) 16... a6 $14 17. e3 Nb7 $1 18. Ne2 Rc8 19. Rxc8 Qxc8 20. Bxg7 Nxg7 21. Nd4 $36 {[%mdl 2048] White has strong initiative.} Nc5 22. Nc6 Bxc6 23. dxc6 Nf5 24. a4 bxa4 25. Nc4 {Black must now prevent Nb6. White is more active.} Qe6 {[#]} ({Black should play} 25... Qc7) 26. c7 $1 $16 {[%cal Ob4b8] Rb8! is the strong threat.} a5 $2 {Black cannot hold the game after this.} (26... Qe7 $16) 27. Rb8 $18 {Rxf8+ would kill now.} Ne7 28. Rxf8+ {[%mdl 64] Overworked Piece} Kxf8 29. Qh8+ Ng8 {[#]} 30. Nxd6 $1 {[%mdl 512]} a3 (30... Qd7 31. c8=Q+) 31. c8=Q+ Qxc8 32. Nxc8 {White wants to mate with Qc3.} Nb3 33. Bd5 {Weighted Error Value: White=0.05 (flawless) /Black=0.63} 1-0

[Event "Charlotte Spring-E 2022"]
[Site "Charlotte"]
[Date "2022.03.20"]
[Round "8.4"]
[White "Becerra Rivero, Julio"]
[Black "Chasin, Nico"]
[Result "1/2-1/2"]
[WhiteElo "2493"]
[BlackElo "2270"]
[Annotator "TA"]
[PlyCount "47"]
[EventDate "2022.03.16"]
[EventType "tourn"]
[EventCountry "USA"]
[SourceTitle "playchess.com"]
[Source "ChessBase"]
[SourceQuality "1"]

{[%evp 16,18,4,16,39]} 1. e4 c5 2. Nf3 e6 3. Nc3 a6 4. d4 cxd4 5. Nxd4 Qc7 6. Bd3 Nc6 7. Be3 Nf6 8. O-O Ne5 9. Nf3 Bc5 {[#] An uneventful encounter. B48: Sicilian: Taimanov: 5 Nc3 Qc7 6 Be3 a6 without Be2.} {Predecessor:} 10. Bxc5 $146 Qxc5 11. Nxe5 Qxe5 12. f4 Qc5+ 13. Kh1 d6 14. Qf3 O-O 15. Rae1 e5 16. Nd5 Nxd5 17. exd5 exf4 18. Qxf4 Bd7 19. Re7 Be8 20. Rf3 Qxd5 21. Rh3 h5 22. Rg3 Bc6 23. Rg5 Qxa2 24. Rxg7+ {1-0 (24) Ovod,E (2395)-Kursova,M (2333) Orel 2006} 1/2-1/2

[Event "Charlotte Spring-E 2022"]
[Site "Charlotte"]
[Date "2022.03.20"]
[Round "8.5"]
[White "Rorrer, Grayson"]
[Black "Yang, Qindong"]
[Result "1-0"]
[WhiteElo "2191"]
[BlackElo "2084"]
[Annotator "TA"]
[PlyCount "71"]
[EventDate "2022.03.16"]
[EventType "tourn"]
[EventCountry "USA"]
[SourceTitle "playchess.com"]
[Source "ChessBase"]
[SourceQuality "1"]

{[%evp 11,71,15,27,0,13,10,30,14,27,14,10,13,8,13,12,8,29,24,31,23,21,24,22,23,27,17,23,16,30,0,9,0,22,8,33,35,38,42,50,47,66,43,48,56,445,447,454,462,472,466,468,458,479,474,450,468,597,578,730,714,791,810]} 1. e4 c5 2. Nf3 d6 3. d4 cxd4 4. Nxd4 Nf6 5. Nc3 a6 6. h3 e5 {6...e5 scores better than 6...e6.} 7. Nf3 {B90: Sicilian Najdorf: Unusual White 6th moves, 6 Be3 Ng4 and 6 Be3 e5.} h6 8. Bc4 b5 9. Bd5 {White has an edge.} Nxd5 10. Qxd5 ({But not} 10. exd5 Be7 $17) 10... Ra7 11. Be3 {[#]} Be6 $146 ({Predecessor:} 11... Rd7 12. Qd3 Bb7 13. Nd5 Bxd5 14. Qxd5 Be7 15. O-O O-O 16. Rad1 Qc7 17. c3 Qb7 {1-0 (36) Cassi de la Viuda,A (1521)-Franzoni Ladron,E (1743) Barcelona 2019}) 12. Qd2 Rb7 13. Nd5 Bxd5 14. Qxd5 Qc7 15. O-O {[%cal Oc2c4]} Nd7 16. Nd2 Nf6 17. Qd3 Be7 18. Rac1 {[%cal Ba1c1,Bc1c4,Bc4c6,Bc6a6][%mdl 32]} O-O 19. c4 {[#] Hoping for cxb5.} Qb8 20. Nb3 bxc4 21. Rxc4 Rb5 22. Rc6 a5 23. Ra6 d5 24. exd5 Rxd5 25. Qe2 Bd8 26. Rc1 {White is more active.} (26. Qc4 $5 {[%cal Ra6f6]} Rd6 27. Rc1 Rxa6 28. Qxa6 $14) 26... Re8 27. Qc4 $36 {[%cal Oa6f6][%mdl 2048] Strongly threatening Rxf6! White is more active.} Rb5 $2 {[%mdl 8192] [#] This move loses the game for Black.} (27... Qb4 $14) 28. Ba7 $1 $18 {White is clearly winning.} ({Not} 28. Ra7 Rd5 $14) 28... Qb7 29. Nc5 Rxc5 30. Bxc5 Qc8 31. Ra7 Re6 32. Be3 Qxc4 33. Rxc4 Be7 34. Rxa5 e4 35. Rb5 Bd6 36. a4 {Weighted Error Value: White=0.05 (flawless) /Black=0.41} 1-0

[Event "Charlotte Spring-E 2022"]
[Site "Charlotte"]
[Date "2022.03.21"]
[Round "9.1"]
[White "Yang, Qindong"]
[Black "Chiku-Ratte, Olivier-Kenta"]
[Result "1-0"]
[WhiteElo "2084"]
[BlackElo "2382"]
[Annotator "TA"]
[PlyCount "136"]
[EventDate "2022.03.16"]
[EventType "tourn"]
[EventCountry "USA"]
[SourceTitle "playchess.com"]
[Source "ChessBase"]
[SourceQuality "1"]

{[%evp 19,136,27,53,51,41,49,106,97,101,102,135,116,224,215,225,226,219,225,201,213,202,212,198,171,161,164,153,117,146,108,117,106,100,97,92,62,59,80,60,52,54,59,49,57,49,64,56,66,87,0,17,21,169,179,178,178,464,464,457,452,6604,6108,5152,1172,891,911,899,889,892,908,912,905,896,889,811,784,647,559,1245,755,755,755,1304,1220,1222,1176,1521,1475,2153,1920,2551,2358,29961,29959,5081,3289,29972,9361,29978,29979,29978,29979,29979,29980,29980,29981,29981,29982,29981,29983,29983,29983,29984,29985,29986,29987,29987,29988,29990]} 1. d4 Nf6 2. c4 g6 3. Nf3 Bg7 4. g3 O-O 5. Bg2 d6 6. O-O Nc6 7. Nc3 a6 8. d5 Na5 9. b3 c6 10. dxc6 bxc6 {[%cal Of6e4]} 11. Bb2 {E63: King's Indian: Fianchetto: Panno Variation with 7...a6.} Rb8 {[%cal Oa5c4]} 12. Qc1 {[%cal Oc4c5] [#]} Qb6 $146 (12... c5 $14) ({Predecessor:} 12... Nb7 13. Nd4 Na5 14. Nxc6 Nxc6 15. Bxc6 Qa5 16. Bg2 Be6 17. Rd1 Rfc8 18. Qd2 Qh5 {½-½ (74) Saric,A (2577)-Mustaps,M (2361) Tallinn 2019}) 13. Na4 $16 {White is better.} Qc7 14. c5 Bf5 15. Rd1 Be4 (15... Rfd8 $16 {was worth a try.}) 16. cxd6 $18 exd6 17. Qf4 {[%csl LRd6,LRf6]} Bxf3 18. Bxf3 ({But not} 18. exf3 $6 Nd5 19. Qd2 Bxb2 20. Nxb2 Rfd8 $16) 18... Ne8 19. Bxg7 Kxg7 20. Qd4+ ({Don't do} 20. b4 Nb7 21. Rac1 Nd8 $16) 20... Kg8 21. b4 {Inhibits c5.} Nb7 22. Rac1 Nd8 23. Nc3 {White is much more active.} Qb6 24. a3 a5 {[%cal Ra5b4]} 25. Qxb6 (25. Qd2 {feels hotter.} axb4 26. axb4 Ne6 27. e3 N6c7 28. Kg2) 25... Rxb6 26. Rb1 axb4 27. Rxb4 Ra6 28. a4 Ne6 29. Rdb1 d5 30. Rb6 N8c7 31. Rxa6 Nxa6 32. Rb6 {[%csl LRa6,LRc6]} Nb8 33. a5 {a6 is the strong threat.} Nc5 {[#] Prevents a6.} 34. Rb4 ({Better is} 34. Na2 $1 $16) 34... Nbd7 35. e4 Ra8 {A mistake that costs the game.} (35... d4 $1 $11 36. Rxd4 Ra8) 36. exd5 cxd5 37. Rb5 ({Inferior is} 37. Nxd5 Rxa5 38. Nc3 Kg7 $11) 37... d4 $2 (37... Re8 {might work better.}) 38. Bxa8 dxc3 {[%mdl 4096] Endgame KRB-KNN} 39. Rb1 Ne4 (39... Kg7 $142 40. Rc1 Nb3 41. Rxc3 Nxa5) 40. Bxe4 {[#] Intending a6 and mate.} c2 41. Bd3 cxb1=Q+ 42. Bxb1 {KB-KN} Nb8 43. Be4 Na6 44. Bb7 Nc7 45. a6 Nb5 46. Kg2 Kf8 47. Kf3 {Threatens to win with Ke4.} Ke7 48. Kf4 Kf6 49. Bc6 Na7 50. Bd5 Nb5 51. Ke3 Ke7 52. Kd3 Kd6 53. Bxf7 Na7 54. h4 Nc6 55. Ke4 Ke7 56. Bd5 Na7 57. Ke5 {aiming for f4.} Nb5 58. f4 (58. g4 $142 Na7 59. f4 Kf8 60. f5 gxf5 61. gxf5 Kg7 62. f6+ Kg6 63. h5+ Kh6 64. Kd6 Nb5+ 65. Kc6 Na7+ 66. Kb7) 58... Na7 59. g4 {[%cal Bg3g4,Bg4g5][%mdl 32] White mates.} Nc8 60. g5 Na7 61. Bg8 Nc6+ 62. Ke4 Kf8 63. Bd5 Na7 64. Kd4 Ke7 65. Kc5 Kd7 66. Bg8 Ke7 67. Bxh7 Kf7 68. f5 Ke8 {Weighted Error Value: White=0.16 (very precise) /Black=0.86} 1-0

[Event "Charlotte Spring-E 2022"]
[Site "Charlotte"]
[Date "2022.03.21"]
[Round "9.2"]
[White "Chasin, Nico"]
[Black "Rorrer, Grayson"]
[Result "1-0"]
[WhiteElo "2270"]
[BlackElo "2191"]
[Annotator "TA"]
[PlyCount "155"]
[EventDate "2022.03.16"]
[EventType "tourn"]
[EventCountry "USA"]
[SourceTitle "playchess.com"]
[Source "ChessBase"]
[SourceQuality "1"]

{[%evp 20,155,13,12,21,16,28,7,16,8,36,45,44,28,50,0,7,0,25,30,26,20,36,28,108,116,122,59,59,60,124,119,106,49,63,0,0,0,0,0,0,-30,-33,-28,-20,-37,-16,-103,-61,-65,-80,-50,-50,-69,-50,-51,0,-62,0,-4,0,0,0,0,0,0,0,0,0,0,0,0,0,0,20,1,22,0,14,0,0,0,52,0,14,0,0,0,0,0,0,0,39,15,12,10,36,20,79,63,93,66,63,68,102,87,93,52,109,73,70,64,100,103,140,103,116,108,131,125,131,119,154,116,134,119,114,86,98,102,94,68,168,162,156,138,420,410]} 1. d4 {Marin,M} Nf6 2. c4 e6 3. Nf3 Bb4+ 4. Nbd2 b6 5. a3 Bxd2+ 6. Qxd2 Bb7 7. e3 O-O 8. b3 d5 9. Bb2 Nbd7 10. Be2 c5 11. O-O Rc8 {E14: Queen's Indian: Classical Variation (4 e3).} 12. Rfd1 Qe7 13. Rac1 Rfd8 {The position is equal.} 14. Qe1 {[#]} Ne8 $146 ({Predecessor:} 14... h6 15. dxc5 Nxc5 16. b4 Nce4 17. Ne5 dxc4 18. Nxc4 Rxd1 19. Rxd1 Bd5 20. Rc1 Bxc4 21. Bxc4 {0-1 (52) Gledura,B (2513)-Kasimdzhanov,R (2704) Budapest 2015 CBM 168 Extra [Marin,M]}) 15. dxc5 Nxc5 16. b4 Ne4 17. Ne5 (17. cxd5 $14 Bxd5 18. Nd4) 17... f6 $11 18. Nf3 N8d6 {[%cal Rd6c4]} (18... N4d6 $5 {[%cal Rd6c4]}) 19. cxd5 Bxd5 20. Nd4 Nc4 21. Ba1 Ned6 (21... Qe8 $11) 22. e4 $1 $16 Bb7 23. b5 (23. Bg4 $16) 23... Ne5 $14 24. f3 $1 Nd7 {[#]} ({Black should try} 24... Rxc1 $14 25. Rxc1 Qd7) 25. Rxc8 $1 $16 ({Much less strong is} 25. Nc6 Bxc6 26. Rxc6 (26. bxc6 Nc5 $11) 26... Nf7 $14) 25... Rxc8 26. Qd2 (26. Bc3 $16) 26... Nc5 $1 $14 27. Bc3 (27. Qb4 $14) 27... Bxe4 $11 28. Nxe6 Nxe6 29. Bb4 Rc2 30. Qe3 {[#]} Nc5 $1 {aiming for ...Nf5.} 31. fxe4 {[#]} Qxe4 $1 32. Qxe4 Ndxe4 (32... Ncxe4 $2 33. Bf3 $18) 33. Bf1 (33. Bf3 $11) 33... h5 (33... Kf7 $17 34. Rd8 Rc1) 34. Rd8+ $15 Kh7 35. g3 Ng5 {( -> ...Nf3+)} 36. Bg2 {To avoid Nf3+} Rc1+ 37. Kf2 Rc2+ (37... Nge6 $15 38. Rd6 Rc2+ 39. Kf1 Kh6) 38. Kf1 (38. Kg1 $11) 38... f5 (38... Nge6 $15 39. Rd2 Rc1+ 40. Kf2 Kg6) 39. Rd5 $11 Nge6 40. Rxf5 Kg6 41. Rd5 Rc1+ 42. Ke2 Rc2+ 43. Kf1 Rc1+ 44. Kf2 Rc2+ 45. Kg1 Rc1+ 46. Bf1 Ne4 47. Kg2 {Bd3 is the strong threat.} Nf6 48. Rd6 Nc5 49. Rd2 Kf7 50. Be2 Ne6 (50... g5 $11) 51. Bf3 (51. Bd1 $14) 51... Nc7 52. Rf2 Kg6 53. Be2 Ncd5 $1 54. Bd3+ Kf7 55. Bd2 {This bishop pair is nice.} Rc5 56. h3 Ke6 57. Re2+ Kf7 58. Re1 Rc7 (58... Nc3 $11 {keeps the balance.}) 59. Kf3 Rd7 60. Rc1 Nc7 61. Bc4+ $1 Ke8 62. Bf4 Ncd5 63. Be5 ({White should play} 63. Re1+ $16 Re7 64. Rxe7+ Kxe7 65. Bc1) 63... Kd8 (63... Re7 $14 64. Bd4 g5) 64. Bb3 Re7 65. Bd4 Nc7 66. a4 Nh7 67. Be3 Ne6 68. Rd1+ Kc8 69. Rd5 {Inhibits Neg5+.} Nf6 70. Rd6 Nf8 71. Bd4 {White is more active.} Ne4 72. Rc6+ Kd8 {White must now prevent ...Nd2+.} 73. Kg2 {[%cal Oa4a5]} Rd7 74. Be5 Nc5 75. Bc4 Nh7 (75... Re7 $1 $14 76. Bd6 Re4) 76. a5 Rd2+ 77. Kf1 Nd7 $2 {[%mdl 8192]} (77... Ng5 $16) 78. Bc7+ {Weighted Error Value: White=0.14 (very precise) /Black=0.18 (very precise)} 1-0

[Event "Charlotte Spring-E 2022"]
[Site "Charlotte"]
[Date "2022.03.20"]
[Round "9.3"]
[White "Kanli, Alperen"]
[Black "Becerra Rivero, Julio"]
[Result "1/2-1/2"]
[WhiteElo "2131"]
[BlackElo "2493"]
[Annotator "TA"]
[PlyCount "41"]
[EventDate "2022.03.16"]
[EventType "tourn"]
[EventCountry "USA"]
[SourceTitle "playchess.com"]
[Source "ChessBase"]
[SourceQuality "1"]

{[%evp 17,18,37,36]} 1. d4 Nf6 2. c4 g6 3. Nc3 Bg7 4. e4 d6 5. Nf3 O-O 6. Be2 e5 7. O-O Nc6 8. d5 Ne7 9. b4 Nh5 {[#]} {Predecessor:} 10. Re1 $146 {E97: King's Indian: Classical Main Line (6...e5 7 0-0 Nc6): 8 Be3 and 8 d5 Ne7, not 9 Ne1.} f5 11. Ng5 Nf6 12. Bf3 c6 13. b5 h6 14. Ne6 Bxe6 15. dxe6 fxe4 16. Nxe4 Nxe4 17. Bxe4 d5 18. cxd5 cxd5 19. Ba3 dxe4 20. Qxd8 Rfxd8 21. Bxe7 {½-½ (34) Chigaev,M (2631)-Amonatov,F (2622) Vladivostok 2022} 1/2-1/2

[Event "Charlotte Spring-E 2022"]
[Site "Charlotte"]
[Date "2022.03.21"]
[Round "9.5"]
[White "Zaloznyy, Mike"]
[Black "Woodward, Andy"]
[Result "0-1"]
[WhiteElo "2065"]
[BlackElo "2317"]
[Annotator "TA"]
[PlyCount "136"]
[EventDate "2022.03.16"]
[EventType "tourn"]
[EventCountry "USA"]
[SourceTitle "playchess.com"]
[Source "ChessBase"]
[SourceQuality "1"]

{[%evp 11,136,10,19,28,18,33,26,4,27,12,28,23,56,52,49,0,10,0,0,-40,-40,-68,-35,-38,-30,-224,-70,-78,-95,-87,-87,-80,-78,-100,0,0,0,-87,0,0,0,0,0,-216,-185,-183,-124,-122,-131,-119,-120,-115,-77,-77,-71,-70,-73,-211,-207,-215,-127,-122,-121,-123,-81,-122,-94,-111,-62,-98,-67,-72,-46,-85,-78,-83,-83,-72,0,0,0,0,0,0,0,0,0,0,0,-140,-140,-140,-141,-185,-145,-146,-137,-184,-120,-146,-124,-109,-161,-29979,-29980,-29980,-29981,-29981,-29982,-29982,-29983,-29983,-29984,-29984,-29982,-29982,-29983,-29983,-29984,-29984,-29984,-29985,-29986,-29986,-29987,-29987,-29988]} 1. e4 c5 2. Nf3 d6 {[%cal Bd7d6,Bd6d5,Bd5d4][%mdl 32]} 3. d4 cxd4 4. Nxd4 Nf6 5. f3 e5 6. Nb3 d5 7. Bg5 $1 {[%cal Bc1g5,Bg5h4,Bh4f2,Bf2d4][%mdl 32] B55: Sicilian: 2...d6 3 d4 cxd4 4 Nxd4 Nf6 5 f3.} d4 8. c3 {[%cal Rc3d4]} Nc6 {[#]} 9. Bc4 $146 {White has an edge.} ({Predecessor:} 9. cxd4 Bb4+ 10. N1d2 h6 11. Bxf6 Qxf6 12. d5 Nb8 13. a3 Be7 14. Bb5+ Nd7 15. Qe2 {1-0 (42) Ivanchuk,V (2678)-Bellahcene,B (2518) Europe Echecs INT 2021}) 9... h6 10. Bh4 Be7 11. Bf2 {[%cal Rc3d4]} O-O 12. cxd4 exd4 13. O-O (13. Nxd4 $14 {was preferrable.} Qc7 14. Nxc6 Qxc6 15. Qb3) 13... Ne5 14. Bd3 Nh5 (14... Nxd3 15. Qxd3 Be6 16. Nxd4 $16) 15. Bxd4 (15. Nxd4 Bc5 16. Bc2 Nf4 $17) 15... Bd6 16. Rf2 $1 Qg5 (16... Nc6 $5 {[%cal Rc6d4]} 17. Be3 Qh4 $11) 17. Bf1 Nc6 {And now ...Rd8 would win.} 18. g3 $2 (18. Bc3 $11 Bc7 19. Bd2 (19. g4 Bb6 $17) 19... Bxh2+ 20. Kxh2 Qh4+ 21. Kg1) 18... Be6 $2 (18... Nxg3 19. hxg3 Bxg3 20. Rg2 $11) (18... Rd8 $1 $19 19. N1d2 Nxd4 20. Nxd4 Bc5) 19. Bf6 Nxf6 20. Qxd6 Bxb3 21. axb3 Rfd8 22. Qa3 b5 {Black is much more active. White has bad knights.} (22... h5 $1 $17 23. b4 h4) 23. Qa6 Nd4 24. Nc3 (24. Kg2 $1 $11) 24... b4 (24... Qe3 $17 25. Kg2 Nxf3 $1 26. Bxb5 (26. Rxf3 Rd2+ 27. Be2 Rxe2+ 28. Nxe2 Qxe2+ 29. Rf2 Qxe4+ 30. Kg1 Ng4 $17) 26... Ne1+ 27. Rxe1 Qxe1) 25. Nd5 $1 $11 Nxd5 26. exd5 Qxd5 27. Bg2 $2 (27. Bc4 $11 {and White has nothing to worry.} Nxf3+ 28. Kg2 Ne1+ 29. Kg1 Nf3+ 30. Kg2 Ne1+ 31. Kg1 Nf3+) 27... Nxb3 28. Re1 Nc5 (28... Qc5 $19 29. Qe2 a5) 29. Qa5 $17 Qd4 30. Bf1 Nb3 31. Qf5 Re8 32. Re4 Rxe4 33. fxe4 Rf8 34. e5 (34. Qd5 $17 Qxd5 35. exd5) 34... Nc5 $19 35. Kg2 a5 (35... Ne4 $19 36. Re2 Nd2) 36. e6 $17 Nxe6 {Hoping for ...a4.} 37. Qxa5 Nc5 (37... g6 $142 {aiming for ...Rc8.} 38. Qa6 Qe4+ 39. Kg1 Rd8) 38. Qa7 (38. Qb6 $142) 38... Qd5+ 39. Kg1 b3 ({Black should try} 39... Re8 $17 40. Qc7 Rf8) 40. Bg2 Qd1+ 41. Rf1 Qd6 42. Kh1 Nd3 43. Qb7 Qd4 44. Bd5 {[%cal Rf1f7]} Nf2+ (44... Qxb2 $2 45. Rxf7 Qc1+ 46. Rf1+ Kh8 47. Rxc1 $18) ({Better is} 44... Kh8 $17 {White must now prevent ...Nf2+.} 45. Qxb3 f6) 45. Kg2 $11 Ng4 46. Bxf7+ Kh8 47. Kh3 {Threatens to win with Rf4.} Nf2+ 48. Kg2 $1 Ne4 (48... Nd1 $5 49. Kh3 Nf2+ 50. Kg2 Ne4 $15) 49. Qe7 $1 Rc8 (49... Qxb2+ $2 50. Kh1 Rc8 51. Qxe4 $18) 50. Bg6 (50. Bxb3 $11 Qxb2+ 51. Kg1 (51. Kh1 Nxg3+ 52. hxg3 Qxb3 $17)) 50... Qxb2+ $17 51. Kg1 {Intending Rf8+ and mate.} Nf6 $36 {[%mdl 2048] White is under strong pressure.} 52. Qe6 (52. Qd6 $17) 52... Qd4+ 53. Kg2 Rb8 54. Bb1 (54. Kh3 $17 {was forced.}) 54... b2 (54... Qb2+ $19 55. Kh3 Qc3) 55. Kh3 Rd8 56. Rf4 {[#]} Qd1 (56... Qc5 $1 $17 {...Rd2 is the strong threat.} 57. Rf5 (57. Rxf6 Qh5+ 58. Kg2 Rd2+ 59. Rf2 Rxf2+ 60. Kxf2 Qxh2+ 61. Kf3 Qh1+ 62. Kf4 Qxb1 $19) 57... Qf8) 57. Rxf6 $2 {[#]} (57. Qf5 $19) 57... Qh5+ $1 {Black mates.} ({Weaker is} 57... Qxb1 58. Rxh6+ gxh6 59. Qf6+ Kh7 60. Qf7+ Kh8 61. Qf6+ Kh7 62. Qf7+ Kh8 63. Qf6+ $11) 58. Kg2 Rd2+ {[%mdl 64] Skewer} 59. Rf2 Rxf2+ {[%mdl 64] Overworked Piece} 60. Kxf2 Qxh2+ 61. Ke3 Qg1+ 62. Kd2 Qxb1 {KQ-KQ} 63. Qc8+ Kh7 64. Qc2+ Qxc2+ 65. Kxc2 g5 {[%cal Bg7g5,Bg5h4][%mdl 32]} 66. Kxb2 h5 67. Kc3 h4 68. gxh4 gxh4 {Weighted Error Value: White=0.40/Black=0.20 (precise)} 0-1